[Event "World Cup 2017"]
[Site "Tbilisi"]
[Date "2017.09.08"]
[Round "13.3"]
[White "Hou Yifan (CHN)"]
[Black "Aronian Levon (ARM)"]
[Result "0-1"]
[BlackElo "2802"]
[WhiteElo "2670"]
[LiveChessVersion "1.4.8"]

1. e4 {[%clk 0:10:17]} e5 {[%clk 0:10:19]} 2. Nf3 {[%clk 0:10:26]} Nc6
{[%clk 0:10:28]} 3. Nc3 {[%clk 0:10:34]} Nf6 {[%clk 0:10:35]} 4. d4
{[%clk 0:10:42]} exd4 {[%clk 0:10:43]} 5. Nxd4 {[%clk 0:10:51]} Bb4
{[%clk 0:10:50]} 6. Nxc6 {[%clk 0:10:59]} bxc6 {[%clk 0:10:59]} 7. Bd3
{[%clk 0:11:07]} O-O {[%clk 0:11:02]} 8. O-O {[%clk 0:11:15]} Re8
{[%clk 0:11:05]} 9. Bg5 {[%clk 0:11:14]} h6 {[%clk 0:10:55]} 10. Bh4
{[%clk 0:11:22]} Rb8 {[%clk 0:11:03]} 11. f4 {[%clk 0:10:06]} Be7
{[%clk 0:11:11]} 12. b3 {[%clk 0:09:20]} d6 {[%clk 0:08:04]} 13. Qf3
{[%clk 0:06:10]} Nd7 {[%clk 0:07:22]} 14. Bxe7 {[%clk 0:06:17]} Qxe7
{[%clk 0:07:30]} 15. Rae1 {[%clk 0:06:09]} Nc5 {[%clk 0:06:49]} 16. e5
{[%clk 0:05:31]} Qd8 {[%clk 0:05:23]} 17. exd6 {[%clk 0:03:29]} cxd6
{[%clk 0:04:59]} 18. Rxe8+ {[%clk 0:02:25]} Qxe8 {[%clk 0:05:07]} 19. f5
{[%clk 0:02:34]} Qe5 {[%clk 0:04:27]} 20. f6 {[%clk 0:02:19]} Qd4+
{[%clk 0:01:09]} 21. Rf2 {[%clk 0:02:28]} g6 {[%clk 0:00:40]} 22. Ne2
{[%clk 0:02:04]} Qa1+ {[%clk 0:00:28]} 23. Rf1 {[%clk 0:02:13]} Qe5
{[%clk 0:00:37]} 24. h3 {[%clk 0:00:59]} Be6 {[%clk 0:00:32]} 25. Qf4
{[%clk 0:00:27]} Qxf4 {[%clk 0:00:36]} 26. Nxf4 {[%clk 0:00:35]} Re8
{[%clk 0:00:29]} 27. Kh2 {[%clk 0:00:18]} Kf8 {[%clk 0:00:28]} 28. a3
{[%clk 0:00:13]} g5 {[%clk 0:00:29]} 29. Nxe6+ {[%clk 0:00:19]} Rxe6
{[%clk 0:00:37]} 30. Rf3 {[%clk 0:00:18]} d5 {[%clk 0:00:17]} 31. b4
{[%clk 0:00:25]} Nd7 {[%clk 0:00:15]} 32. Bf5 {[%clk 0:00:34]} Ne5
{[%clk 0:00:24]} 33. Rc3 {[%clk 0:00:22]} Rxf6 {[%clk 0:00:31]} 34. g4
{[%clk 0:00:31]} Ke7 {[%clk 0:00:32]} 35. Rc5 {[%clk 0:00:36]} Nc4
{[%clk 0:00:19]} 36. Bd3 {[%clk 0:00:24]} Nxa3 {[%clk 0:00:27]} 37. Ra5
{[%clk 0:00:33]} Nb1 {[%clk 0:00:27]} 38. Rxa7+ {[%clk 0:00:42]} Kd6
{[%clk 0:00:31]} 39. Kg2 {[%clk 0:00:33]} Nc3 {[%clk 0:00:28]} 40. Bf5
{[%clk 0:00:30]} Nb5 {[%clk 0:00:31]} 41. Ra6 {[%clk 0:00:12]} Ke5
{[%clk 0:00:24]} 42. Bd3 {[%clk 0:00:19]} Nc3 {[%clk 0:00:28]} 43. Bf5
{[%clk 0:00:19]} Ne4 {[%clk 0:00:23]} 44. Ra7 {[%clk 0:00:14]} Nd6
{[%clk 0:00:21]} 45. Bd3 {[%clk 0:00:20]} Kd4 {[%clk 0:00:28]} 46. Rc7
{[%clk 0:00:25]} Nc4 {[%clk 0:00:31]} 47. Re7 {[%clk 0:00:23]} Kc3
{[%clk 0:00:34]} 48. Rb7 {[%clk 0:00:25]} Ne3+ {[%clk 0:00:40]} 49. Kg3
{[%clk 0:00:34]} Nxc2 {[%clk 0:00:48]} 50. Bxc2 {[%clk 0:00:24]} Kxc2
{[%clk 0:00:57]} 51. b5 {[%clk 0:00:32]} cxb5 {[%clk 0:01:03]} 52. Rxb5
{[%clk 0:00:40]} d4 {[%clk 0:01:12]} 53. Rc5+ {[%clk 0:00:47]} Kd2
{[%clk 0:01:20]} 54. h4 {[%clk 0:00:48]} gxh4+ 55. Kxh4 {[%clk 0:00:57]} d3
{[%clk 0:01:37]} 0-1

[Event "World Cup 2017"]
[Site "Tbilisi"]
[Date "2017.09.08"]
[Round "13.4"]
[White "Motylev Alexander (RUS)"]
[Black "Giri Anish (NED)"]
[Result "0-1"]
[BlackElo "2777"]
[WhiteElo "2668"]
[LiveChessVersion "1.4.8"]

1. e4 {[%clk 0:10:18]} c5 {[%clk 0:10:20]} 2. Nf3 {[%clk 0:10:26]} d6
{[%clk 0:10:30]} 3. d4 {[%clk 0:10:35]} cxd4 {[%clk 0:10:39]} 4. Nxd4
{[%clk 0:10:43]} Nf6 {[%clk 0:10:49]} 5. Nc3 {[%clk 0:10:51]} a6 {[%clk 0:10:58]}
6. Bd3 {[%clk 0:10:59]} Nbd7 {[%clk 0:11:07]} 7. O-O {[%clk 0:10:30]} g6
{[%clk 0:11:16]} 8. Re1 {[%clk 0:10:26]} Bg7 {[%clk 0:11:20]} 9. a4
{[%clk 0:10:32]} O-O {[%clk 0:11:23]} 10. h3 {[%clk 0:10:05]} Nc5
{[%clk 0:11:23]} 11. Bf1 {[%clk 0:10:06]} Bd7 {[%clk 0:11:23]} 12. a5
{[%clk 0:09:54]} Re8 {[%clk 0:10:54]} 13. Bg5 {[%clk 0:08:58]} h6
{[%clk 0:10:53]} 14. Bh4 {[%clk 0:08:58]} b5 {[%clk 0:10:01]} 15. b4
{[%clk 0:08:50]} Ne6 {[%clk 0:09:59]} 16. Nxe6 {[%clk 0:08:53]} Bxe6
{[%clk 0:10:04]} 17. Nd5 {[%clk 0:08:56]} g5 {[%clk 0:09:35]} 18. Bg3
{[%clk 0:09:00]} Nxe4 {[%clk 0:09:36]} 19. Rxe4 {[%clk 0:07:55]} Bxd5
{[%clk 0:09:42]} 20. Qxd5 {[%clk 0:05:40]} Bxa1 {[%clk 0:09:50]} 21. c4
{[%clk 0:05:44]} bxc4 {[%clk 0:09:34]} 22. Rxc4 {[%clk 0:05:23]} e6
{[%clk 0:09:22]} 23. Qxd6 {[%clk 0:05:15]} Qxd6 {[%clk 0:08:11]} 24. Bxd6
{[%clk 0:05:23]} Rec8 {[%clk 0:08:10]} 25. Rxc8+ {[%clk 0:04:57]} Rxc8
{[%clk 0:08:19]} 26. Bc5 {[%clk 0:05:04]} Rc6 {[%clk 0:05:43]} 27. Bb6
{[%clk 0:01:50]} Rc1 {[%clk 0:05:06]} 28. b5 {[%clk 0:01:48]} axb5
{[%clk 0:05:13]} 29. a6 {[%clk 0:01:56]} Be5 {[%clk 0:04:26]} 30. a7
{[%clk 0:00:56]} Ra1 {[%clk 0:04:34]} 31. f4 {[%clk 0:00:39]} gxf4
{[%clk 0:03:54]} 32. Kf2 {[%clk 0:00:47]} b4 {[%clk 0:03:55]} 33. Bc4
{[%clk 0:00:54]} Kg7 {[%clk 0:03:04]} 34. Ke2 {[%clk 0:00:48]} Kf6
{[%clk 0:02:57]} 35. Bd8+ {[%clk 0:00:31]} Kg7 {[%clk 0:03:03]} 36. Bb6
{[%clk 0:00:40]} Kf6 {[%clk 0:02:38]} 37. Bd8+ {[%clk 0:00:47]} Kg6
{[%clk 0:02:45]} 38. Bb6 {[%clk 0:00:53]} Bc3 {[%clk 0:00:41]} 39. Kf3
{[%clk 0:00:32]} Bd2 {[%clk 0:00:19]} 40. Bb5 {[%clk 0:00:13]} Be3
{[%clk 0:00:16]} 41. Bc6 {[%clk 0:00:19]} Bxb6 {[%clk 0:00:22]} 42. a8=Q
{[%clk 0:00:26]} Rxa8 {[%clk 0:00:31]} 43. Bxa8 {[%clk 0:00:35]} f5
{[%clk 0:00:22]} 44. Bc6 {[%clk 0:00:16]} b3 {[%clk 0:00:27]} 45. Ba4
{[%clk 0:00:24]} b2 {[%clk 0:00:35]} 46. Bc2 {[%clk 0:00:33]} Bc7
{[%clk 0:00:42]} 47. Ke2 {[%clk 0:00:28]} e5 {[%clk 0:00:44]} 48. Kd3
{[%clk 0:00:19]} e4+ {[%clk 0:00:53]} 49. Kd4 {[%clk 0:00:27]} Be5+
{[%clk 0:00:38]} 50. Kxe5 {[%clk 0:00:20]} e3 {[%clk 0:00:34]} 51. Bxf5+
{[%clk 0:00:27]} Kg7 {[%clk 0:00:43]} 0-1

[Event "World Cup 2017"]
[Site "Tbilisi"]
[Date "2017.09.08"]
[Round "13.5"]
[White "Jobava Baadur (GEO)"]
[Black "Yu Yangyi (CHN)"]
[Result "1-0"]
[BlackElo "2750"]
[WhiteElo "2702"]
[LiveChessVersion "1.4.8"]

1. b3 {[%clk 0:10:19]} d5 {[%clk 0:10:19]} 2. Bb2 {[%clk 0:10:27]} Nf6
{[%clk 0:10:28]} 3. e3 {[%clk 0:10:37]} g6 {[%clk 0:10:36]} 4. c4
{[%clk 0:10:46]} dxc4 {[%clk 0:10:45]} 5. Bxc4 {[%clk 0:10:55]} Bg7
{[%clk 0:10:54]} 6. Nf3 {[%clk 0:11:04]} O-O {[%clk 0:11:02]} 7. O-O
{[%clk 0:11:13]} c5 {[%clk 0:11:11]} 8. Be2 {[%clk 0:11:21]} b6 {[%clk 0:11:20]}
9. d3 {[%clk 0:11:24]} Bb7 {[%clk 0:11:24]} 10. Nbd2 {[%clk 0:11:33]} Nc6
{[%clk 0:11:33]} 11. a3 {[%clk 0:11:38]} Nd5 {[%clk 0:10:41]} 12. Bxg7
{[%clk 0:11:45]} Kxg7 {[%clk 0:10:50]} 13. Qc2 {[%clk 0:11:42]} Qd7
{[%clk 0:10:38]} 14. Qb2+ {[%clk 0:11:42]} f6 {[%clk 0:10:39]} 15. Rfd1
{[%clk 0:11:47]} Rfd8 {[%clk 0:10:47]} 16. Rac1 {[%clk 0:11:39]} Rac8
{[%clk 0:10:55]} 17. h3 {[%clk 0:11:46]} e5 {[%clk 0:10:53]} 18. Ne4
{[%clk 0:11:21]} Qe7 {[%clk 0:10:47]} 19. Re1 {[%clk 0:11:27]} Rd7
{[%clk 0:10:31]} 20. Bf1 {[%clk 0:11:24]} Qd8 {[%clk 0:09:42]} 21. Rcd1
{[%clk 0:10:56]} Nde7 {[%clk 0:09:22]} 22. b4 {[%clk 0:10:45]} cxb4
{[%clk 0:09:31]} 23. axb4 {[%clk 0:10:53]} Nf5 {[%clk 0:09:16]} 24. Rc1
{[%clk 0:09:22]} Qe7 {[%clk 0:08:29]} 25. b5 {[%clk 0:08:58]} Na5
{[%clk 0:08:01]} 26. Rxc8 {[%clk 0:09:05]} Bxc8 {[%clk 0:08:10]} 27. d4
{[%clk 0:08:33]} Bb7 {[%clk 0:08:19]} 28. Nxf6 {[%clk 0:08:03]} Kxf6
{[%clk 0:05:28]} 29. dxe5+ {[%clk 0:07:54]} Kf7 {[%clk 0:05:21]} 30. e6+
{[%clk 0:08:02]} Kxe6 {[%clk 0:05:19]} 31. e4 {[%clk 0:07:59]} Ng7
{[%clk 0:04:03]} 32. Qa2+ {[%clk 0:07:21]} Kd6 {[%clk 0:04:11]} 33. Rc1
{[%clk 0:06:20]} Bxe4 {[%clk 0:03:56]} 34. Qd2+ {[%clk 0:05:55]} Ke6
{[%clk 0:03:15]} 35. Ng5+ {[%clk 0:06:04]} Kf5 {[%clk 0:01:53]} 36. g4+
{[%clk 0:06:12]} Kf6 {[%clk 0:01:32]} 37. Nxe4+ {[%clk 0:06:19]} Qxe4
{[%clk 0:00:49]} 38. Qxd7 {[%clk 0:06:27]} Ne6 {[%clk 0:00:55]} 39. Bg2
{[%clk 0:06:04]} Qd4 {[%clk 0:00:58]} 40. Qxh7 {[%clk 0:06:03]} Nf4
{[%clk 0:01:02]} 41. Qh8+ {[%clk 0:06:09]} Ke6 {[%clk 0:00:48]} 42. Re1+
{[%clk 0:06:06]} 1-0

[Event "World Cup 2017"]
[Site "Tbilisi"]
[Date "2017.09.08"]
[Round "13.7"]
[White "Andreikin Dmitry (RUS)"]
[Black "Matlakov Maxim (RUS)"]
[Result "0-1"]
[BlackElo "2728"]
[WhiteElo "2708"]
[LiveChessVersion "1.4.8"]

1. Nf3 {[%clk 0:10:18]} d5 {[%clk 0:10:19]} 2. b3 {[%clk 0:10:26]} Bf5
{[%clk 0:10:21]} 3. Bb2 {[%clk 0:10:34]} e6 {[%clk 0:10:27]} 4. g3
{[%clk 0:10:41]} Nf6 {[%clk 0:10:32]} 5. Bg2 {[%clk 0:10:49]} h6 {[%clk 0:10:38]}
6. c4 {[%clk 0:10:52]} c6 {[%clk 0:10:42]} 7. O-O {[%clk 0:10:59]} Nbd7
{[%clk 0:10:49]} 8. d3 {[%clk 0:11:05]} Bh7 {[%clk 0:10:44]} 9. Nbd2
{[%clk 0:11:05]} Bd6 {[%clk 0:10:48]} 10. a3 {[%clk 0:11:05]} a5 {[%clk 0:10:53]}
11. e4 {[%clk 0:11:00]} dxe4 {[%clk 0:10:32]} 12. Nxe4 {[%clk 0:10:54]} Be7
{[%clk 0:10:27]} 13. Nxf6+ {[%clk 0:11:01]} Bxf6 {[%clk 0:10:01]} 14. d4
{[%clk 0:11:08]} O-O {[%clk 0:10:05]} 15. Re1 {[%clk 0:11:04]} Nc5
{[%clk 0:09:05]} 16. Re3 {[%clk 0:10:51]} a4 {[%clk 0:09:10]} 17. b4
{[%clk 0:10:56]} Nb3 {[%clk 0:09:16]} 18. Ra2 {[%clk 0:11:05]} Qb6
{[%clk 0:08:13]} 19. c5 {[%clk 0:10:32]} Qc7 {[%clk 0:08:14]} 20. Bf1
{[%clk 0:10:39]} Rad8 {[%clk 0:07:54]} 21. Bc4 {[%clk 0:10:44]} e5
{[%clk 0:07:47]} 22. Bxb3 {[%clk 0:10:30]} axb3 {[%clk 0:07:49]} 23. Qxb3
{[%clk 0:10:38]} exd4 {[%clk 0:07:36]} 24. Re1 {[%clk 0:10:47]} Qd7
{[%clk 0:06:19]} 25. Ba1 {[%clk 0:10:20]} Rfe8 {[%clk 0:06:19]} 26. Rd1
{[%clk 0:09:40]} Be4 {[%clk 0:05:30]} 27. Ne1 {[%clk 0:06:56]} Bd5
{[%clk 0:05:34]} 28. Qb1 {[%clk 0:07:02]} Qh3 {[%clk 0:05:01]} 29. f4
{[%clk 0:06:57]} Bxa2 {[%clk 0:04:28]} 30. Qxa2 {[%clk 0:07:05]} d3
{[%clk 0:04:22]} 31. Bxf6 {[%clk 0:07:05]} gxf6 {[%clk 0:04:29]} 32. Nxd3
{[%clk 0:06:28]} Rxd3 {[%clk 0:04:33]} 0-1

[Event "World Cup 2017"]
[Site "Tbilisi"]
[Date "2017.09.08"]
[Round "14.1"]
[White "So Wesley (USA)"]
[Black "Bluebaum Matthias (GER)"]
[Result "1-0"]
[BlackElo "2633"]
[WhiteElo "2792"]
[LiveChessVersion "1.4.8"]

1. e4 {[%clk 0:10:18]} e6 {[%clk 0:10:20]} 2. d4 {[%clk 0:10:27]} d5
{[%clk 0:10:29]} 3. exd5 {[%clk 0:10:35]} exd5 {[%clk 0:10:38]} 4. Nf3
{[%clk 0:10:44]} Bd6 {[%clk 0:10:48]} 5. Bd3 {[%clk 0:10:52]} Nc6
{[%clk 0:10:57]} 6. O-O {[%clk 0:10:52]} Nge7 {[%clk 0:11:06]} 7. Nc3
{[%clk 0:09:46]} a6 {[%clk 0:10:44]} 8. Re1 {[%clk 0:09:42]} Nb4 {[%clk 0:10:46]}
9. Bg5 {[%clk 0:09:12]} f6 {[%clk 0:10:31]} 10. Bh4 {[%clk 0:09:18]} Bg4
{[%clk 0:10:24]} 11. h3 {[%clk 0:08:50]} Bh5 {[%clk 0:10:24]} 12. a3
{[%clk 0:06:34]} Nxd3 {[%clk 0:10:32]} 13. Qxd3 {[%clk 0:06:43]} O-O
{[%clk 0:10:04]} 14. Bg3 {[%clk 0:06:52]} Bxg3 {[%clk 0:09:57]} 15. fxg3
{[%clk 0:07:01]} Qd6 {[%clk 0:10:06]} 16. g4 {[%clk 0:06:53]} Bg6
{[%clk 0:10:15]} 17. Qd2 {[%clk 0:07:01]} Rae8 {[%clk 0:08:32]} 18. Re3
{[%clk 0:07:07]} h5 {[%clk 0:08:09]} 19. Nh4 {[%clk 0:06:51]} Qf4
{[%clk 0:07:12]} 20. Rae1 {[%clk 0:05:32]} Qg5 {[%clk 0:03:47]} 21. Nf3
{[%clk 0:05:34]} 1-0

[Event "World Cup 2017"]
[Site "Tbilisi"]
[Date "2017.09.08"]
[Round "14.2"]
[White "Lenic Luka (SLO)"]
[Black "Caruana Fabiano (USA)"]
[Result "0-1"]
[BlackElo "2799"]
[WhiteElo "2646"]
[LiveChessVersion "1.4.8"]

1. Nf3 {[%clk 0:10:17]} d5 {[%clk 0:10:19]} 2. g3 {[%clk 0:10:26]} g6
{[%clk 0:10:27]} 3. Bg2 {[%clk 0:10:20]} Bg7 {[%clk 0:10:36]} 4. O-O
{[%clk 0:10:27]} e5 {[%clk 0:10:44]} 5. d3 {[%clk 0:10:32]} Ne7 {[%clk 0:10:51]}
6. Nbd2 {[%clk 0:10:23]} O-O {[%clk 0:10:51]} 7. e4 {[%clk 0:10:32]} Nbc6
{[%clk 0:10:39]} 8. c3 {[%clk 0:10:38]} a5 {[%clk 0:10:42]} 9. Qc2
{[%clk 0:10:18]} h6 {[%clk 0:10:48]} 10. b3 {[%clk 0:10:15]} Be6 {[%clk 0:10:48]}
11. a3 {[%clk 0:09:27]} Qd7 {[%clk 0:10:44]} 12. Bb2 {[%clk 0:09:36]} dxe4
{[%clk 0:10:21]} 13. dxe4 {[%clk 0:09:43]} Nc8 {[%clk 0:10:17]} 14. Rfd1
{[%clk 0:08:16]} Qe7 {[%clk 0:10:21]} 15. a4 {[%clk 0:07:56]} Rd8
{[%clk 0:10:18]} 16. Nf1 {[%clk 0:07:10]} Nb6 {[%clk 0:10:01]} 17. Ne3
{[%clk 0:06:18]} Rxd1+ {[%clk 0:10:09]} 18. Rxd1 {[%clk 0:06:27]} Rd8
{[%clk 0:10:17]} 19. Ra1 {[%clk 0:06:11]} Bf8 {[%clk 0:08:40]} 20. h4
{[%clk 0:06:08]} Qd7 {[%clk 0:07:46]} 21. Rd1 {[%clk 0:05:22]} Qe8
{[%clk 0:07:54]} 22. Re1 {[%clk 0:04:57]} Bc5 {[%clk 0:07:35]} 23. Bc1
{[%clk 0:04:26]} f6 {[%clk 0:07:05]} 24. Nd5 {[%clk 0:03:22]} Nxd5
{[%clk 0:06:43]} 25. exd5 {[%clk 0:03:31]} Bxd5 {[%clk 0:06:36]} 26. Bxh6
{[%clk 0:03:31]} Qf7 {[%clk 0:06:23]} 27. Nd2 {[%clk 0:03:09]} Kh7
{[%clk 0:04:56]} 28. Be3 {[%clk 0:02:38]} Bxe3 {[%clk 0:05:04]} 29. Rxe3
{[%clk 0:02:47]} Bxg2 {[%clk 0:05:11]} 30. Kxg2 {[%clk 0:02:56]} Qd5+
{[%clk 0:05:14]} 31. Nf3 {[%clk 0:03:02]} Kg7 {[%clk 0:04:58]} 32. b4
{[%clk 0:01:50]} axb4 {[%clk 0:03:38]} 33. cxb4 {[%clk 0:01:59]} Rd7
{[%clk 0:03:46]} 34. Qc3 {[%clk 0:01:44]} Nd4 {[%clk 0:03:46]} 35. a5
{[%clk 0:00:57]} c6 {[%clk 0:03:49]} 36. Kg1 {[%clk 0:00:41]} Nf5
{[%clk 0:02:46]} 37. Re2 {[%clk 0:00:30]} Qd3 {[%clk 0:02:29]} 38. Rc2
{[%clk 0:00:21]} Qd1+ {[%clk 0:02:15]} 39. Ne1 {[%clk 0:00:20]} Nd4
{[%clk 0:02:12]} 0-1

[Event "World Cup 2017"]
[Site "Tbilisi"]
[Date "2017.09.08"]
[Round "14.3"]
[White "Aronian Levon (ARM)"]
[Black "Hou Yifan (CHN)"]
[Result "1-0"]
[BlackElo "2670"]
[WhiteElo "2802"]
[LiveChessVersion "1.4.8"]

1. d4 {[%clk 0:10:17]} Nf6 {[%clk 0:10:19]} 2. Nf3 {[%clk 0:10:26]} e6
{[%clk 0:10:17]} 3. c4 {[%clk 0:10:33]} c5 {[%clk 0:10:23]} 4. e3
{[%clk 0:10:08]} b6 {[%clk 0:10:04]} 5. Nc3 {[%clk 0:10:06]} d6 {[%clk 0:10:00]}
6. Bd3 {[%clk 0:09:29]} g6 {[%clk 0:09:31]} 7. d5 {[%clk 0:09:38]} exd5
{[%clk 0:08:42]} 8. cxd5 {[%clk 0:09:46]} Bg7 {[%clk 0:08:49]} 9. e4
{[%clk 0:09:55]} a6 {[%clk 0:08:54]} 10. a4 {[%clk 0:09:59]} Bg4 {[%clk 0:08:59]}
11. h3 {[%clk 0:09:59]} Bxf3 {[%clk 0:09:07]} 12. Qxf3 {[%clk 0:10:07]} O-O
{[%clk 0:09:12]} 13. O-O {[%clk 0:10:12]} Ne8 {[%clk 0:09:03]} 14. Bf4
{[%clk 0:09:15]} Qe7 {[%clk 0:08:44]} 15. Qg3 {[%clk 0:08:13]} h6
{[%clk 0:07:44]} 16. Rae1 {[%clk 0:06:55]} Nd7 {[%clk 0:07:52]} 17. Bc1
{[%clk 0:07:03]} g5 {[%clk 0:03:50]} 18. Nd1 {[%clk 0:06:47]} Ne5
{[%clk 0:03:49]} 19. Ne3 {[%clk 0:06:32]} Ng6 {[%clk 0:03:30]} 20. Nf5
{[%clk 0:06:13]} Qe5 {[%clk 0:03:38]} 21. Qxe5 {[%clk 0:04:48]} Nxe5
{[%clk 0:03:33]} 22. Be2 {[%clk 0:04:57]} Ng6 {[%clk 0:03:15]} 23. g3
{[%clk 0:04:52]} Kh7 {[%clk 0:03:23]} 24. Kg2 {[%clk 0:04:45]} Bf6
{[%clk 0:03:31]} 25. h4 {[%clk 0:04:33]} gxh4 {[%clk 0:02:25]} 26. Bxh6
{[%clk 0:04:41]} Ng7 {[%clk 0:02:35]} 27. Bxg7 {[%clk 0:04:24]} Bxg7
{[%clk 0:02:43]} 28. b3 {[%clk 0:04:27]} hxg3 {[%clk 0:02:19]} 29. Kxg3
{[%clk 0:04:21]} Bc3 {[%clk 0:01:49]} 30. Rd1 {[%clk 0:03:22]} Rfe8
{[%clk 0:01:54]} 31. Bd3 {[%clk 0:03:25]} b5 {[%clk 0:01:53]} 32. axb5
{[%clk 0:03:24]} axb5 {[%clk 0:02:02]} 33. f4 {[%clk 0:03:17]} c4
{[%clk 0:01:52]} 34. bxc4 {[%clk 0:03:22]} bxc4 {[%clk 0:02:00]} 35. Bxc4
{[%clk 0:02:33]} Rxe4 {[%clk 0:00:40]} 36. Nxd6 {[%clk 0:02:41]} Re3+
{[%clk 0:00:49]} 37. Rf3 {[%clk 0:02:09]} Be1+ {[%clk 0:00:55]} 38. Kg4
{[%clk 0:02:18]} Rxf3 {[%clk 0:00:12]} 39. Kxf3 {[%clk 0:02:26]} Ra3+
{[%clk 0:00:21]} 40. Bd3 {[%clk 0:02:17]} Kg7 {[%clk 0:00:15]} 41. Nc4
{[%clk 0:01:55]} Rb3 {[%clk 0:00:15]} 42. d6 {[%clk 0:01:44]} Bh4
{[%clk 0:00:24]} 43. Kg4 {[%clk 0:01:44]} Bd8 {[%clk 0:00:32]} 44. Bxg6
{[%clk 0:01:47]} Kxg6 {[%clk 0:00:40]} 45. Ne5+ {[%clk 0:01:53]} Kg7
{[%clk 0:00:18]} 46. Nc6 {[%clk 0:01:55]} Bf6 {[%clk 0:00:23]} 47. d7
{[%clk 0:02:02]} Rb6 {[%clk 0:00:29]} 48. d8=Q {[%clk 0:01:49]} Bxd8
{[%clk 0:00:38]} 49. Nxd8 {[%clk 0:01:58]} Kf8 {[%clk 0:00:35]} 50. Rc1
{[%clk 0:01:59]} Rb8 {[%clk 0:00:28]} 51. Nc6 {[%clk 0:02:04]} Rc8
{[%clk 0:00:37]} 52. Rc4 {[%clk 0:02:12]} 1-0

[Event "World Cup 2017"]
[Site "Tbilisi"]
[Date "2017.09.08"]
[Round "14.4"]
[White "Giri Anish (NED)"]
[Black "Motylev Alexander (RUS)"]
[Result "1-0"]
[BlackElo "2668"]
[WhiteElo "2777"]
[LiveChessVersion "1.4.8"]

1. d4 {[%clk 0:10:19]} d5 {[%clk 0:09:59]} 2. c4 {[%clk 0:10:28]} e6
{[%clk 0:10:08]} 3. Nc3 {[%clk 0:10:28]} Bb4 {[%clk 0:10:17]} 4. a3
{[%clk 0:10:37]} Bxc3+ 5. bxc3 {[%clk 0:10:46]} Nf6 {[%clk 0:10:23]} 6. cxd5
{[%clk 0:10:54]} exd5 {[%clk 0:10:32]} 7. e3 {[%clk 0:11:04]} O-O
{[%clk 0:10:37]} 8. Bd3 {[%clk 0:11:11]} Re8 {[%clk 0:10:40]} 9. Ne2
{[%clk 0:11:16]} Nc6 {[%clk 0:10:49]} 10. O-O {[%clk 0:11:07]} Na5
{[%clk 0:10:55]} 11. f3 {[%clk 0:10:53]} c5 {[%clk 0:10:53]} 12. Ng3
{[%clk 0:10:52]} h5 {[%clk 0:10:30]} 13. Rb1 {[%clk 0:10:53]} b6 {[%clk 0:09:07]}
14. Kh1 {[%clk 0:11:00]} Qc7 {[%clk 0:08:09]} 15. Qe1 {[%clk 0:10:40]} c4
{[%clk 0:05:59]} 16. Bc2 {[%clk 0:10:45]} Nb3 {[%clk 0:06:08]} 17. Qf2
{[%clk 0:08:25]} Qe7 {[%clk 0:04:29]} 18. Re1 {[%clk 0:08:26]} Nxc1
{[%clk 0:04:02]} 19. Rbxc1 {[%clk 0:08:35]} Qxa3 {[%clk 0:04:08]} 20. h3
{[%clk 0:07:50]} Kf8 {[%clk 0:00:55]} 21. e4 {[%clk 0:07:46]} h4 {[%clk 0:01:04]}
22. Nf1 {[%clk 0:07:45]} dxe4 {[%clk 0:01:08]} 23. fxe4 {[%clk 0:07:40]} Bb7
{[%clk 0:00:37]} 24. Qxh4 {[%clk 0:07:15]} Bxe4 {[%clk 0:00:32]} 25. Ng3
{[%clk 0:05:20]} Bxc2 {[%clk 0:00:28]} 26. Qh8+ {[%clk 0:05:29]} Ng8 27. Nh5 Re4
{[%clk 0:00:37]} 28. Qxg7+ {[%clk 0:05:31]} Ke7 {[%clk 0:00:40]} 29. Rxe4+
{[%clk 0:05:33]} Bxe4 {[%clk 0:00:47]} 30. Re1 {[%clk 0:05:42]} Qxc3
{[%clk 0:00:25]} 31. Rxe4+ {[%clk 0:05:42]} Kd6 {[%clk 0:00:33]} 32. Qe5+
{[%clk 0:05:48]} 1-0

[Event "World Cup 2017"]
[Site "Tbilisi"]
[Date "2017.09.08"]
[Round "14.5"]
[White "Yu Yangyi (CHN)"]
[Black "Jobava Baadur (GEO)"]
[Result "0-1"]
[BlackElo "2702"]
[WhiteElo "2750"]
[LiveChessVersion "1.4.8"]

1. Nf3 {[%clk 0:10:19]} Nf6 {[%clk 0:10:18]} 2. g3 {[%clk 0:10:27]} g6
{[%clk 0:09:46]} 3. Bg2 {[%clk 0:10:32]} Bg7 {[%clk 0:09:55]} 4. O-O
{[%clk 0:10:38]} O-O {[%clk 0:10:03]} 5. d4 {[%clk 0:10:45]} d5 {[%clk 0:10:10]}
6. c4 {[%clk 0:10:54]} Nc6 {[%clk 0:09:43]} 7. cxd5 {[%clk 0:10:53]} Nxd5
{[%clk 0:09:52]} 8. Nc3 {[%clk 0:10:52]} e5 {[%clk 0:09:58]} 9. Bg5
{[%clk 0:09:28]} Nxc3 {[%clk 0:09:45]} 10. bxc3 {[%clk 0:09:36]} f6
{[%clk 0:09:53]} 11. Qb3+ {[%clk 0:08:24]} Kh8 {[%clk 0:09:56]} 12. Be3
{[%clk 0:08:30]} e4 {[%clk 0:09:59]} 13. Nd2 {[%clk 0:08:37]} f5 {[%clk 0:10:08]}
14. f3 {[%clk 0:08:38]} exf3 {[%clk 0:10:14]} 15. Nxf3 {[%clk 0:08:36]} Na5
{[%clk 0:09:32]} 16. Qb4 {[%clk 0:08:23]} Nc6 {[%clk 0:09:30]} 17. Qb3
{[%clk 0:08:14]} Na5 {[%clk 0:09:39]} 18. Qa4 {[%clk 0:08:18]} Qe8
{[%clk 0:09:43]} 19. Qxe8 {[%clk 0:07:52]} Rxe8 {[%clk 0:09:51]} 20. Bf4
{[%clk 0:08:00]} c6 {[%clk 0:09:34]} 21. Ne5 {[%clk 0:06:46]} Kg8
{[%clk 0:08:25]} 22. Rfb1 {[%clk 0:06:07]} Bxe5 {[%clk 0:08:10]} 23. Bxe5
{[%clk 0:06:15]} Be6 {[%clk 0:07:47]} 24. Kf2 {[%clk 0:06:16]} b6
{[%clk 0:07:34]} 25. h4 {[%clk 0:04:45]} Bd5 {[%clk 0:07:38]} 26. Bxd5+
{[%clk 0:04:27]} cxd5 {[%clk 0:07:46]} 27. h5 {[%clk 0:04:30]} Nc4
{[%clk 0:07:42]} 28. Bf4 {[%clk 0:04:39]} Kf7 {[%clk 0:07:34]} 29. Rb5
{[%clk 0:04:18]} Ke6 {[%clk 0:06:26]} 30. Kf3 {[%clk 0:04:03]} a6
{[%clk 0:05:56]} 31. Rb4 {[%clk 0:04:03]} Rg8 {[%clk 0:05:36]} 32. hxg6
{[%clk 0:03:45]} hxg6 {[%clk 0:05:44]} 33. a4 {[%clk 0:03:52]} Kd7
{[%clk 0:05:19]} 34. Rh1 {[%clk 0:03:38]} Rh8 {[%clk 0:05:24]} 35. Rbb1
{[%clk 0:03:42]} Kc6 {[%clk 0:04:50]} 36. Rh4 {[%clk 0:03:10]} a5
{[%clk 0:04:16]} 37. Bg5 {[%clk 0:02:02]} Rxh4 {[%clk 0:04:16]} 38. gxh4
{[%clk 0:02:11]} Re8 {[%clk 0:04:24]} 39. Bf4 {[%clk 0:02:08]} Re6
{[%clk 0:04:29]} 40. Kf2 {[%clk 0:01:56]} Re4 {[%clk 0:04:34]} 41. e3
{[%clk 0:01:59]} Re6 {[%clk 0:04:40]} 42. Ra1 {[%clk 0:01:29]} b5
{[%clk 0:04:36]} 43. axb5+ {[%clk 0:01:29]} Kxb5 {[%clk 0:04:45]} 44. Rb1+
{[%clk 0:01:39]} Ka6 {[%clk 0:04:51]} 45. Rb8 {[%clk 0:01:45]} a4
{[%clk 0:04:45]} 46. Ke2 {[%clk 0:01:51]} a3 {[%clk 0:04:29]} 47. Kd3
{[%clk 0:01:55]} Rb6 {[%clk 0:04:24]} 48. Rd8 {[%clk 0:01:38]} Rb7
{[%clk 0:04:13]} 0-1